[Event "Nairobi op"]
[Site "Nairobi"]
[Date "2023.04.08"]
[Round "5"]
[White "Okeyo, Austin Steve"]
[Black "Kagambi, Jeremiah"]
[Result "1-0"]
[WhiteElo "1796"]
[BlackElo "1228"]
[PlyCount "61"]
[EventDate "2023.04.06"]
[EventType "swiss"]
[EventRounds "9"]
[EventCountry "KEN"]
[SourceTitle "EXT 2024"]
[Source "ChessBase"]
[SourceDate "2023.10.10"]
[SourceVersion "1"]
[SourceVersionDate "2023.10.10"]
[SourceQuality "1"]

1. d4 Nf6 2. Nc3 g6 3. e4 d6 4. Nf3 Bg7 5. Be3 0-0 6. Qd2 a5 7. Bh6 d5 8. Bxg7 Kxg7 9. exd5 Nxd5 10. 0-0-0 a4 11. a3 Bf5 12. h4 h5 13. Bc4 c6 14. Ne5 e6 15. f3 Nd7 16. Bd3 Nxe5 17. dxe5 Bxd3 18. Qxd3 Qc7 19. Rhe1 Rfd8 20. Qc4 Nxc3 21. Qxc3 Rxd1+ 22. Rxd1 Rd8 23. Rd6 Kg8 24. Qd4 Ra8 25. Rd7 Qa5 26. Kb1 b5 27. c3 Kg7 28. Qf4 Rf8 29. Qf6+ Kh6 30. Rxf7 Rxf7 31. Qh8+ 1-0

[Event "Nairobi op"]
[Site "Nairobi"]
[Date "2023.04.06"]
[Round "1"]
[White "Okeyo, Austin Steve"]
[Black "Ngugi, Samuel Mwaura"]
[Result "1/2-1/2"]
[WhiteElo "1796"]
[BlackElo "1434"]
[PlyCount "79"]
[EventDate "2023.04.06"]
[EventType "swiss"]
[EventRounds "9"]
[EventCountry "KEN"]
[SourceTitle "EXT 2024"]
[Source "ChessBase"]
[SourceDate "2023.10.10"]
[SourceVersion "1"]
[SourceVersionDate "2023.10.10"]
[SourceQuality "1"]

1. d4 d5 2. c4 e6 3. Nf3 Nf6 4. Nc3 c6 5. cxd5 exd5 6. Qc2 Bd6 7. Bg5 Be6 8. e3 Nbd7 9. Bd3 Qc7 10. Rb1 a6 11. b4 Bg4 12. h3 Bh5 13. Nh4 Bg6 14. Nf5 Bxf5 15. Bxf5 h6 16. Bxf6 Nxf6 17. a4 Qe7 18. Qb3 0-0 19. 0-0 Nh5 20. Bg4 Ng3 21. Rfe1 Ne4 22. Nxe4 Qxe4 23. Ra1 Qe7 24. b5 Bb4 25. Reb1 a5 26. bxc6 bxc6 27. Rc1 f5 28. Bf3 Rac8 29. Rxc6 Rxc6 30. Bxd5+ Kh8 31. Bxc6 Rc8 32. d5 Qe5 33. Rd1 Bd6 34. g3 Rb8 35. Bb5 Rc8 36. Qd3 Rc3 37. Qd4 Qxd4 38. Rxd4 Kg8 39. Bd7 g6 40. f4 1/2-1/2

[Event "KEN-ch"]
[Site "Nairobi"]
[Date "2021.12.29"]
[Round "7"]
[White "Okeyo, Austin Steve"]
[Black "Edwin, Odhiambo"]
[Result "1-0"]
[WhiteElo "1845"]
[BlackElo "1433"]
[PlyCount "45"]
[EventDate "2021.12.26"]
[EventType "swiss"]
[EventRounds "9"]
[EventCountry "KEN"]
[SourceTitle "EXT 2023"]
[Source "ChessBase"]
[SourceDate "2022.10.05"]
[SourceVersion "1"]
[SourceVersionDate "2022.10.05"]
[SourceQuality "1"]

1. e4 e5 2. Nf3 d6 3. Nc3 Nf6 4. d4 exd4 5. Qxd4 Bg4 6. Bg5 Be7 7. Bxf6 gxf6 8. 0-0-0 Nc6 9. Bb5 Qd7 10. Qe3 a6 11. Bxc6 bxc6 12. h3 Be6 13. e5 d5 14. exf6 Bxf6 15. Ne4 Bg7 16. Nc5 Qe7 17. Nxe6 fxe6 18. Rhe1 Kd7 19. Ne5+ Kd6 20. c4 c5 21. cxd5 Qf7 22. dxe6+ Ke7 23. Qxc5+ 1-0